|
|
|
|
| LEADER |
01728nam a2200481 4500 |
| 001 |
ocn894609032 |
| 003 |
OCoLC |
| 005 |
20180501122022.0 |
| 006 |
m o d |
| 007 |
cr ||||||||||| |
| 008 |
141027s2014 ne o 000 0 eng d |
| 040 |
|
|
|a UKMGB
|b eng
|e pn
|c UKMGB
|d OCLCO
|d N$T
|d UIU
|d OCLCF
|d YDXCP
|d IDEBK
|d OCLCQ
|d GrThAP
|
| 016 |
7 |
|
|a 016933110
|2 Uk
|
| 016 |
7 |
|
|a 016931186
|2 Uk
|
| 020 |
|
|
|a 9780128003671
|q (electronic bk.)
|
| 020 |
|
|
|a 0128003677
|q (electronic bk.)
|
| 020 |
|
|
|a 9780128001486
|q (hbk.)
|
| 035 |
|
|
|a (OCoLC)894609032
|
| 050 |
|
4 |
|a QH442.2
|
| 072 |
|
7 |
|a SCI
|x 013060
|2 bisacsh
|
| 072 |
|
7 |
|a TEC
|x 009010
|2 bisacsh
|
| 082 |
0 |
4 |
|a 660.65
|2 23
|
| 049 |
|
|
|a TEFA
|
| 245 |
0 |
0 |
|a Non-viral vectors for gene therapy :
|b lipid- and polymer-based gene transfer /
|c edited by Leaf Huang, Dexi Liu, Ernst Wagner.
|
| 250 |
|
|
|a First edition.
|
| 264 |
|
1 |
|a Amsterdam :
|b Elsevier,
|c 2014.
|
| 300 |
|
|
|a 1 online resource.
|
| 336 |
|
|
|a text
|b txt
|2 rdacontent
|
| 337 |
|
|
|a computer
|b c
|2 rdamedia
|
| 338 |
|
|
|a online resource
|b cr
|2 rdacarrier
|
| 490 |
1 |
|
|a Advances in genetics ;
|v volume 88
|
| 650 |
|
0 |
|a Genetic vectors.
|
| 650 |
|
0 |
|a Gene therapy.
|
| 650 |
|
7 |
|a SCIENCE
|x Chemistry
|x Industrial & Technical.
|2 bisacsh
|
| 650 |
|
7 |
|a TECHNOLOGY & ENGINEERING
|x Chemical & Biochemical.
|2 bisacsh
|
| 650 |
|
7 |
|a Gene therapy.
|2 fast
|0 (OCoLC)fst00939638
|
| 650 |
|
7 |
|a Genetic vectors.
|2 fast
|0 (OCoLC)fst00940107
|
| 655 |
|
4 |
|a Electronic books.
|
| 700 |
1 |
|
|a Huang, Leaf,
|e editor.
|
| 700 |
1 |
|
|a Liu, Dexi,
|e editor.
|
| 700 |
1 |
|
|a Wagner, Ernst,
|d 1960-
|e editor.
|
| 830 |
|
0 |
|a Advances in genetics ;
|v volume 88.
|
| 856 |
4 |
0 |
|u https://www.sciencedirect.com/science/bookseries/00652660/88
|z Full Text via HEAL-Link
|